[Event "14th EUR-ch"]
[Site "Legnica POL"]
[Date "2013.05.11"]
[Round "7"]
[White "Wagner, Dennis"]
[Black "Potkin, Vladimir"]
[Result "0-1"]
[WhiteElo "2487"]
[BlackElo "2666"]
[EventDate "2013.05.05"]
[PlyCount "136"]

1.d4 Nf6 2.c4 c5 3.d5 g6 4.Nc3 Bg7 5.e4 O-O 6.Nf3 e6 7.h3 exd5 8.exd5 Re8+
9.Be3 Ne4 10.Nxe4 Rxe4 11.Bd3 Rxe3+ 12.fxe3 Bxb2 13.Rb1 Bc3+ 14.Kf2 d6 15.
Rf1 Nd7 16.Kg1 Qe7 17.Qe2 Bg7 18.Bc2 Rb8 19.Rb3 Ne5 20.Nxe5 Bxe5 21.Qf2 
Kg7 22.Rfb1 b6 23.a4 Rb7 24.Ra3 h5 25.Bd3 h4 26.Qf3 Bf6 27.Rf1 Bg5 28.Bc2 
Qe5 29.Rb1 Re7 30.Rbb3 Ba6 31.Qg4 Kh6 32.a5 f5 33.Qe2 bxa5 34.Rxa5 Bc8 35.
Raa3 a6 36.Qf2 a5 37.Kh1 Ba6 38.Qf1 Qxd5 39.Qa1 Qe5 40.Qxe5 Rxe5 41.Rc3 
Bf6 42.Rxa5 Re6 43.Rca3 Bxc4 44.Kg1 Bb2 45.R3a4 Bc3 46.Rxc5 dxc5 47.Rxc4 
Rxe3 48.Rxh4+ Kg5 49.Ra4 Bd4 50.Kf1 Kf4 51.Ra6 g5 52.Rg6 Bc3 53.Rg8 g4 54.
hxg4 fxg4 55.Ba4 Kg3 56.Re8 Be5 57.Bd7 c4 58.Rg8 Re4 59.Bc6 Rd4 60.Rg5 c3 
61.Rxe5 c2 62.Re3+ Kh2 63.Rc3 Rd1+ 64.Kf2 c1=Q 65.Rxc1 Rxc1 66.Be4 Rc4 67.
Bd5 Rd4 68.Bc6 Rf4+ 0-1

[Event "14th EUR-ch"]
[Site "Legnica POL"]
[Date "2013.05.11"]
[Round "7"]
[White "Meier, Georg"]
[Black "Neverov, Valeriy"]
[Result "0-1"]
[WhiteElo "2655"]
[BlackElo "2489"]
[EventDate "2013.05.05"]
[PlyCount "80"]

1.Nf3 g6 2.e4 c6 3.d4 d5 4.Nc3 Bg7 5.Bf4 dxe4 6.Nxe4 Bf5 7.Bd3 Bxe4 8.Bxe4
Nf6 9.Bd3 c5 10.O-O cxd4 11.Bb5+ Nfd7 12.Be5 Bxe5 13.Nxe5 Qb6 14.c4 f6 15.
Nxd7 Nxd7 16.a4 a6 17.Bxd7+ Kxd7 18.a5 Qd6 19.Qf3 Kc7 20.b4 Rhd8 21.b5 Rd7
22.Rfb1 Kd8 23.bxa6 Qxa6 24.Qh3 e5 25.Rb5 Rc8 26.Qh6 Rc6 27.Rab1 d3 28.
Qf8+ Kc7 29.Qb4 Kb8 30.Kf1 d2 31.Ke2 Rcd6 32.Kd1 Qc6 33.Rb6 Qc7 34.Qa3 Rc6
35.c5 Qc8 36.a6 Rxc5 37.Rxb7+ Rxb7 38.Rxb7+ Ka8 39.Qb3 Rb5 40.Qa3 Qc1+ 0-1

[Event "14th EUR-ch"]
[Site "Legnica POL"]
[Date "2013.05.11"]
[Round "7"]
[White "Timofeev, Artiom"]
[Black "Danielian, Elina"]
[Result "1-0"]
[WhiteElo "2621"]
[BlackElo "2478"]
[EventDate "2013.05.05"]
[PlyCount "75"]

1.d4 Nf6 2.c4 e6 3.Nc3 Bb4 4.f3 d5 5.a3 Be7 6.e4 dxe4 7.fxe4 e5 8.d5 Bc5 
9.Nf3 Bg4 10.h3 Bxf3 11.Qxf3 Nbd7 12.Bd2 c6 13.O-O-O O-O 14.Bd3 a5 15.Kb1 
Ne8 16.Rc1 Nd6 17.g4 a4 18.Ne2 Qb6 19.Ka1 cxd5 20.cxd5 Nb5 21.Rhf1 Nd4 22.
Nxd4 Bxd4 23.Bb4 Nc5 24.Ka2 Rac8 25.Bc4 Rc7 26.h4 h6 27.g5 Kh8 28.Qg4 Qg6 
29.Rf5 Nb3 30.Rc2 Rfc8 31.h5 Qa6 32.Rxf7 b5 33.Rxc7 Rxc7 34.d6 Rxc4 35.
gxh6 g5 36.Qxg5 Qa7 37.Qf6+ Kh7 38.Rg2 1-0

[Event "14th EUR-ch"]
[Site "Legnica POL"]
[Date "2013.05.11"]
[Round "7"]
[White "Grigorian, Avetik"]
[Black "Stachowiak, Kamil"]
[Result "1-0"]
[WhiteElo "2616"]
[BlackElo "2468"]
[EventDate "2013.05.05"]
[PlyCount "67"]

1.d4 d5 2.Nf3 Nf6 3.c4 e6 4.g3 Bb4+ 5.Bd2 Be7 6.Bg2 O-O 7.O-O c6 8.Bf4 
Nbd7 9.Nc3 dxc4 10.e4 Re8 11.a4 Bb4 12.Qc2 a5 13.Rfd1 h6 14.Ne5 Nxe5 15.
Bxe5 Nd7 16.Bf4 Qe7 17.e5 Nb6 18.Ne4 Qd8 19.Bd2 Be7 20.Be1 Qc7 21.f4 Nd5 
22.Qf2 Nb4 23.Bc3 Ra6 24.g4 Nd3 25.Rxd3 cxd3 26.g5 c5 27.dxc5 hxg5 28.fxg5
Rc6 29.Bd4 Rd8 30.Rf1 Bf8 31.Nd6 d2 32.Bxc6 bxc6 33.Qxd2 Ba6 34.Rxf7 1-0

[Event "14th EUR-ch"]
[Site "Legnica POL"]
[Date "2013.05.11"]
[Round "7"]
[White "Antipov, Mikhail"]
[Black "Macieja, Bartlomiej"]
[Result "1-0"]
[WhiteElo "2464"]
[BlackElo "2600"]
[EventDate "2013.05.05"]
[PlyCount "177"]

1.e4 c5 2.Nf3 e6 3.b3 b6 4.Bb2 Bb7 5.Qe2 Nc6 6.g3 d5 7.exd5 Qxd5 8.Bg2 Nd4
9.Bxd4 cxd4 10.Nh4 Qd7 11.Bxb7 Qxb7 12.Qb5+ Qd7 13.Qxd7+ Kxd7 14.Nf3 Bc5 
15.c3 dxc3 16.dxc3 Nf6 17.Ne5+ Ke7 18.Ke2 Rhc8 19.Rd1 a5 20.a4 h5 21.Nd2 
Nd5 22.Rdc1 Nxc3+ 23.Rxc3 Bd4 24.Nc6+ Rxc6 25.Rxc6 Bxa1 26.Rxb6 Bc3 27.
Rb7+ Ke8 28.Nc4 Bb4 29.Ne5 Rc8 30.Nc4 Ra8 31.h3 g6 32.g4 hxg4 33.hxg4 Rd8 
34.Rb5 Ra8 35.f4 Ra7 36.Rb6 Kf8 37.Ne5 Rc7 38.Nc6 Bc3 39.Kd3 Be1 40.g5 Kg7
41.Ne5 Bb4 42.Nc4 Rd7+ 43.Ke4 f5+ 44.Kf3 Rd3+ 45.Ke2 Rxb3 46.Nxa5 Rb1 47.
Nc6 Re1+ 48.Kf2 Bc3 49.a5 Bxa5 50.Nxa5 Re4 51.Rb7+ Kf8 52.Kf3 e5 53.fxe5 
Rxe5 54.Nc6 Re1 55.Kf2 Re6 56.Nb8 Kg8 57.Nd7 Rd6 58.Ke3 Rd1 59.Kf4 Re1 60.
Rb5 Kg7 61.Ne5 Rf1+ 62.Nf3 Rf2 63.Kg3 Ra2 64.Rb7+ Kg8 65.Rb6 Kh7 66.Ne5 
Ra3+ 67.Kf2 Ra2+ 68.Ke3 Ra4 69.Re6 Rb4 70.Kd3 Re4 71.Kc3 f4 72.Kd3 Re1 73.
Kd4 Re2 74.Rf6 Rg2 75.Nf3 Kg7 76.Rxf4 Ra2 77.Re4 Ra3 78.Re7+ Kg8 79.Re3 
Ra4+ 80.Ke5 Kg7 81.Rd3 Ra5+ 82.Rd5 Ra7 83.Ke6 Ra1 84.Rd7+ Kg8 85.Ne5 Rf1 
86.Ng4 Kf8 87.Nh6 Ra1 88.Rf7+ Ke8 89.Kf6 1-0

[Event "14th EUR-ch"]
[Site "Legnica POL"]
[Date "2013.05.11"]
[Round "7"]
[White "Sanikidze, Tornike"]
[Black "Lubczynski, Rafal"]
[Result "1-0"]
[WhiteElo "2549"]
[BlackElo "2419"]
[EventDate "2013.05.05"]
[PlyCount "65"]

1.Nf3 Nf6 2.c4 c6 3.d4 d5 4.Nc3 a6 5.cxd5 cxd5 6.Bf4 Nc6 7.Ne5 e6 8.e3 Bd7
9.Bd3 Be7 10.Qf3 Qb6 11.Rb1 Nb4 12.Be2 Bb5 13.Qg3 Nc2+ 14.Kd2 g5 15.Kxc2 
gxf4 16.Qxf4 Bxe2 17.Nxe2 Rc8+ 18.Nc3 Qa5 19.Rhc1 Rxc3+ 20.bxc3 Ne4 21.
Qxf7+ Kd8 22.Rb3 Rf8 23.Nc6+ bxc6 24.Rb8+ Kd7 25.Rb7+ Kc8 26.Qxe6+ Kxb7 
27.Qxe7+ Kc8 28.Qxf8+ Kc7 29.Kb2 c5 30.Qe7+ Kc6 31.Qe6+ Nd6 32.e4 Kc7 33.
Qxd5 1-0

[Event "14th EUR-ch"]
[Site "Legnica POL"]
[Date "2013.05.11"]
[Round "7"]
[White "Kraemer, Martin"]
[Black "Kanter, Eduard"]
[Result "1-0"]
[WhiteElo "2544"]
[BlackElo "2418"]
[EventDate "2013.05.05"]
[PlyCount "61"]

1.e4 c5 2.Nf3 d6 3.d4 cxd4 4.Nxd4 Nf6 5.Nc3 g6 6.Be3 Bg7 7.f3 O-O 8.Qd2 
Nc6 9.O-O-O d5 10.exd5 Nxd5 11.Nxc6 bxc6 12.Bd4 Bxd4 13.Qxd4 Qc7 14.Bc4 
Nb6 15.Bd3 Be6 16.h4 Rfd8 17.Qe3 Nd5 18.Nxd5 Rxd5 19.h5 Qe5 20.Rde1 Qxe3+ 
21.Rxe3 Rg5 22.hxg6 hxg6 23.g4 Rd8 24.Rhe1 Bd5 25.c4 Be6 26.Kc2 c5 27.Re4 
Kg7 28.R1e3 Rh8 29.Be2 Rh2 30.Kd3 Kf6 31.f4 1-0

[Event "14th EUR-ch"]
[Site "Legnica POL"]
[Date "2013.05.11"]
[Round "7"]
[White "Cyborowski, Lukasz"]
[Black "Zawadzka, Jolanta"]
[Result "1-0"]
[WhiteElo "2543"]
[BlackElo "2383"]
[EventDate "2013.05.05"]
[PlyCount "69"]

1.Nf3 d5 2.c4 e6 3.d4 Nf6 4.Bg5 Bb4+ 5.Nbd2 dxc4 6.Qc2 b5 7.a4 c6 8.g3 Bb7
9.Bg2 Nbd7 10.O-O h6 11.Bxf6 Nxf6 12.b3 cxb3 13.Nxb3 O-O 14.Ne5 Qe7 15.
Nxc6 Bxc6 16.Qxc6 bxa4 17.Qxa4 Rab8 18.e3 Bc3 19.Ra2 e5 20.dxe5 Qxe5 21.
Na5 Bxa5 22.Qxa5 Rb5 23.Qxa7 Rfb8 24.Rd2 Qh5 25.h3 Rb1 26.Qd4 Qf5 27.Rxb1 
Rxb1+ 28.Kh2 Re1 29.Rb2 Kh7 30.Qc4 h5 31.Qd4 g6 32.Qc4 Kg7 33.Rb7 Kh6 34.
Qxf7 Qxf2 35.Qg7+ 1-0

[Event "14th EUR-ch"]
[Site "Legnica POL"]
[Date "2013.05.11"]
[Round "7"]
[White "Svane, Rasmus"]
[Black "Dvirnyy, Danyyil"]
[Result "0-1"]
[WhiteElo "2440"]
[BlackElo "2541"]
[EventDate "2013.05.05"]
[PlyCount "66"]

1.Nf3 Nf6 2.c4 g6 3.Nc3 Bg7 4.e4 d6 5.d4 O-O 6.Be2 e5 7.O-O exd4 8.Nxd4 
Re8 9.f3 c6 10.Nc2 a5 11.Bf4 Na6 12.Bxd6 Qb6+ 13.Kh1 Rd8 14.c5 Qa7 15.Bxa6
Qxa6 16.e5 Ne8 17.f4 b6 18.Qf3 bxc5 19.Bxc5 Qc4 20.Ba3 Ba6 21.Ne3 Qe6 22.
Rfd1 f6 23.exf6 Nxf6 24.f5 Qe8 25.Re1 Rd3 26.fxg6 hxg6 27.Qf4 Qd7 28.Rad1 
Re8 29.Bc5 Nh5 30.Qf3 Re5 31.Rxd3 Bxd3 32.Rd1 Rxc5 33.Nc2 Rf5 0-1

[Event "14th EUR-ch"]
[Site "Legnica POL"]
[Date "2013.05.11"]
[Round "7"]
[White "Maiorov, Nikita"]
[Black "Cherednichenko, Svetlana"]
[Result "1-0"]
[WhiteElo "2535"]
[BlackElo "2274"]
[EventDate "2013.05.05"]
[PlyCount "73"]

1.d4 Nf6 2.Nf3 g6 3.Bf4 Bg7 4.e3 d6 5.h3 O-O 6.Be2 Nbd7 7.O-O Qe8 8.Bh2 e5
9.c4 Ne4 10.Na3 c6 11.Qc2 f5 12.Rad1 g5 13.Bd3 Qh5 14.dxe5 dxe5 15.Bxe4 
fxe4 16.Nd2 Nc5 17.b4 Nd3 18.Nxe4 Nxb4 19.Qb2 g4 20.hxg4 Bxg4 21.f3 Rxf3 
22.gxf3 Bxf3 23.Ng3 Qg4 24.Rd2 e4 25.Qxb4 Be5 26.Rg2 Bxg2 27.Kxg2 Rd8 28.
Nb1 Rd6 29.Qxb7 Rf6 30.Rxf6 Bxf6 31.Qb8+ Kg7 32.Qf4 Qd1 33.Qf1 Qc2+ 34.Qf2
Qxb1 35.Nh5+ Kg6 36.Nxf6 Qd3 37.Ng4 1-0

[Event "14th EUR-ch"]
[Site "Legnica POL"]
[Date "2013.05.11"]
[Round "7"]
[White "Caprio, Guido"]
[Black "Gabuzian, Hovhannes"]
[Result "0-1"]
[WhiteElo "2413"]
[BlackElo "2532"]
[EventDate "2013.05.05"]
[PlyCount "64"]

1.c4 Nf6 2.Nc3 c5 3.Nf3 b6 4.e3 g6 5.d4 Bg7 6.d5 O-O 7.Bd3 d6 8.h3 e6 9.e4
exd5 10.exd5 Re8+ 11.Be3 Bh6 12.O-O Bxe3 13.fxe3 Nbd7 14.Qd2 Qe7 15.e4 Kg7
16.Nb5 Rd8 17.Qc3 Ne5 18.Nxd6 Nxd3 19.Qxd3 Rxd6 20.e5 Rd8 21.exf6+ Qxf6 
22.Qd2 Re8 23.Rae1 Rxe1 24.Qxe1 Qxb2 25.Rf2 Qf6 26.Qe8 Bb7 27.Qd7 Bc8 28.
Qe8 Bb7 29.Qe3 Rf8 30.Ne5 Qe7 31.Qf4 h5 32.Rd2 Qd6 0-1

[Event "14th EUR-ch"]
[Site "Legnica POL"]
[Date "2013.05.11"]
[Round "7"]
[White "Gordon, Stephen"]
[Black "Tate, Alan"]
[Result "1-0"]
[WhiteElo "2527"]
[BlackElo "2264"]
[EventDate "2013.05.05"]
[PlyCount "81"]

1.Nf3 Nf6 2.c4 g6 3.Nc3 d5 4.cxd5 Nxd5 5.Qb3 Nb6 6.d4 Bg7 7.Bg5 h6 8.Bh4 
Be6 9.Qd1 c5 10.e3 cxd4 11.Bb5+ Bd7 12.Nxd4 a6 13.Bxd7+ N8xd7 14.O-O O-O 
15.Qf3 Rb8 16.Rfd1 Qe8 17.e4 e6 18.Qe2 Rc8 19.Rac1 Rc4 20.Qe3 Rc8 21.b3 
Kh7 22.f3 Rg8 23.Nde2 Bf8 24.Bf2 Ba3 25.Rc2 Qe7 26.f4 e5 27.Rcd2 Bc5 28.
Qf3 exf4 29.Qxf4 Rc6 30.Bxc5 Qxc5+ 31.Kh1 Qe7 32.h3 Rf6 33.Qc7 Qe5 34.Rxd7
Nxd7 35.Qxd7 b5 36.b4 Kg7 37.Kg1 Re8 38.Rd5 Qb8 39.a3 Qb6+ 40.Rd4 Rfe6 41.
Nd5 1-0

[Event "14th EUR-ch"]
[Site "Legnica POL"]
[Date "2013.05.11"]
[Round "7"]
[White "Sebenik, Matej"]
[Black "Dubinski, Mateusz"]
[Result "1-0"]
[WhiteElo "2527"]
[BlackElo "2219"]
[EventDate "2013.05.05"]
[PlyCount "65"]

1.d4 Nf6 2.c4 g6 3.Nc3 Bg7 4.e4 d6 5.Be2 O-O 6.Nf3 e5 7.d5 Nbd7 8.Bg5 h6 
9.Bh4 g5 10.Bg3 Nh5 11.h4 g4 12.Nh2 Nxg3 13.fxg3 h5 14.O-O Bh6 15.Bd3 a5 
16.Qe2 Nc5 17.Bc2 Bd7 18.Rf2 Qe7 19.Nf1 f5 20.exf5 e4 21.Nxe4 Nxe4 22.Qxe4
Qf6 23.Rd1 Rae8 24.Qd3 b6 25.Kh2 Re5 26.Qc3 Bxf5 27.Re1 Rxe1 28.Qxe1 Bxc2 
29.Rxf6 Rxf6 30.Nd2 Bxd2 31.Qxd2 Bg6 32.Qh6 Kf7 33.Qh8 1-0

[Event "14th EUR-ch"]
[Site "Legnica POL"]
[Date "2013.05.11"]
[Round "7"]
[White "Pasiev, Rakhim"]
[Black "Petr, Martin"]
[Result "1/2-1/2"]
[WhiteElo "2379"]
[BlackElo "2523"]
[EventDate "2013.05.05"]
[PlyCount "46"]

1.e4 e6 2.d4 d5 3.Nc3 Bb4 4.e5 c5 5.a3 Bxc3+ 6.bxc3 Ne7 7.Qg4 cxd4 8.Qxg7 
Rg8 9.Qxh7 Qc7 10.Ne2 Nbc6 11.f4 dxc3 12.Qd3 Bd7 13.Nxc3 a6 14.g3 Rc8 15.
Ne2 Na5 16.Nd4 Ba4 17.Bd2 Nc4 18.Be2 Qb6 19.Bc3 Nb2 20.Qd2 Nc4 21.Qd3 Nb2 
22.Qd2 Nc4 23.Qd3 Nb2 1/2-1/2

[Event "14th EUR-ch"]
[Site "Legnica POL"]
[Date "2013.05.11"]
[Round "7"]
[White "Golub, Dan"]
[Black "Ardelean, George-Catalin"]
[Result "0-1"]
[WhiteElo "2305"]
[BlackElo "2510"]
[EventDate "2013.05.05"]
[PlyCount "92"]

1.e4 c5 2.Nf3 d6 3.d4 cxd4 4.Nxd4 Nf6 5.Nc3 a6 6.Be3 e5 7.Nb3 Be6 8.f3 h5 
9.Qd2 Nbd7 10.O-O-O Qc7 11.Kb1 Be7 12.g3 g6 13.f4 Nb6 14.f5 gxf5 15.exf5 
Bxf5 16.Bxb6 Qxb6 17.Bg2 Rc8 18.Rhf1 Bg6 19.Bh3 Ng4 20.Ka1 Qd8 21.Qe2 Qd7 
22.Ne4 Qe6 23.c3 O-O 24.Nbd2 f5 25.Nf2 Bf7 26.Nb3 a5 27.Bxg4 hxg4 28.Nc1 
e4 29.h4 Bf6 30.Rfe1 Rfe8 31.Qb5 Be5 32.Re3 a4 33.Qxa4 Ra8 34.Qb4 Rxa2+ 
35.Kb1 Ra6 36.Qxb7 Raa8 37.h5 Reb8 38.Qc6 Rc8 39.Qb5 Rab8 40.Qa5 Rc5 41.
Qa3 Qc8 42.Kc2 Qc7 43.b4 Rc6 44.Ne2 Bc4 45.Nc1 Ra6 46.Qb2 Rba8 0-1

[Event "14th EUR-ch"]
[Site "Legnica POL"]
[Date "2013.05.11"]
[Round "7"]
[White "Worek, Joanna"]
[Black "Kozul, Zdenko"]
[Result "0-1"]
[WhiteElo "2299"]
[BlackElo "2624"]
[EventDate "2013.05.05"]
[PlyCount "70"]

1.d4 Nf6 2.c4 g6 3.Nc3 Bg7 4.e4 d6 5.Be2 O-O 6.Bg5 c6 7.Qd2 a6 8.Nf3 b5 9.
a3 bxc4 10.Bxc4 Bg4 11.Be2 d5 12.exd5 cxd5 13.O-O Ne4 14.Qe3 Nxg5 15.Nxg5 
Bxe2 16.Nxe2 e6 17.Nf3 Qb6 18.Rab1 Nc6 19.h4 h5 20.b4 Ne7 21.Ng3 Rfc8 22.
Rfd1 Ra7 23.Rb3 Rc4 24.Rbd3 Rac7 25.Qg5 f6 26.Qe3 Kh7 27.Nd2 Bh6 28.f4 Rc1
29.Rxc1 Rxc1+ 30.Kf2 Rc2 31.Kf3 Nc6 32.Ne2 e5 33.dxe5 Nxe5+ 34.Kg3 Qxe3+ 
35.Rxe3 Rxd2 0-1

[Event "14th EUR-ch"]
[Site "Legnica POL"]
[Date "2013.05.11"]
[Round "7"]
[White "Pelletier, Yannick"]
[Black "Hagen, Andreas Skytte"]
[Result "0-1"]
[WhiteElo "2599"]
[BlackElo "2400"]
[EventDate "2013.05.05"]
[PlyCount "115"]

1.Nf3 Nf6 2.c4 g6 3.Nc3 Bg7 4.d4 O-O 5.e4 d6 6.Be2 e5 7.O-O Nc6 8.d5 Ne7 
9.Nd2 Ne8 10.b4 f5 11.c5 Nf6 12.f3 f4 13.Nc4 g5 14.a4 Ng6 15.cxd6 cxd6 16.
Nb5 Ne8 17.Bd2 h5 18.Be1 a6 19.Nc3 Nf6 20.a5 g4 21.Nb6 Rb8 22.Nxc8 Qxc8 
23.Rc1 Qd7 24.Na4 g3 25.h3 Nh7 26.Nb6 Qe7 27.Rc3 Qh4 28.Bd3 Ng5 29.Qe2 Rf7
30.b5 Nf8 31.bxa6 bxa6 32.Bxa6 Nfh7 33.Rc8+ Rf8 34.Rxb8 Rxb8 35.Qc2 Nxh3+ 
36.gxh3 Qxh3 37.Bc8 Qh4 38.Bf5 Ng5 39.Bb4 Bf8 40.Qg2 Rb7 41.Rd1 Rc7 42.a6 
Rc2 43.Qxc2 Nxf3+ 44.Kf1 Qh1+ 45.Ke2 Nd4+ 46.Rxd4 f3+ 47.Kd3 f2 48.Kc4 
f1=Q+ 49.Rd3 g2 50.Kb5 g1=Q 51.Nc4 Qff2 52.Qb3 Qb1 53.Kc6 Qxb3 54.Rxb3 Qc2
55.Rg3+ Kh8 56.Kb5 Qa1 57.Ra3 Qd4 58.Rc3 0-1

[Event "14th EUR-ch"]
[Site "Legnica POL"]
[Date "2013.05.11"]
[Round "7"]
[White "Kuljasevic, Davorin"]
[Black "Nedilko, Vasyl"]
[Result "1-0"]
[WhiteElo "2578"]
[BlackElo "2396"]
[EventDate "2013.05.05"]
[PlyCount "115"]

1.Nf3 Nf6 2.c4 c5 3.Nc3 d5 4.cxd5 Nxd5 5.g3 g6 6.d3 Bg7 7.Bd2 Nc6 8.Bg2 
O-O 9.O-O b6 10.Qa4 Bb7 11.Qh4 e6 12.Bg5 f6 13.Bh6 Nde7 14.Bxg7 Kxg7 15.
Rfd1 Qd7 16.e3 Rad8 17.a3 Nd5 18.Rac1 Nxc3 19.Rxc3 Ne7 20.b4 cxb4 21.axb4 
Rc8 22.Ra3 Bxf3 23.Bxf3 Rc7 24.Rda1 Rd8 25.b5 Qxb5 26.Rxa7 Rxa7 27.Rxa7 
Rd7 28.Rxd7 Qxd7 29.Qb4 Qc7 30.d4 Kf7 31.Qa4 Qb8 32.Qd7 Qc8 33.Qb5 Qd8 34.
Qa6 Qb8 35.Qb5 Qd6 36.Qa4 Qc7 37.Kg2 Qb8 38.Qd7 Qc8 39.Qb5 Qd8 40.h4 h6 
41.Qa4 Nf5 42.Qa7+ Ne7 43.g4 Kf8 44.Kf1 Kf7 45.Qb7 Qd6 46.Kg2 Qd8 47.Kg1 
Qd6 48.Kg2 Qd8 49.Qa6 Qb8 50.Qb5 Qd6 51.h5 g5 52.Be4 Qc7 53.Qb3 Qb8 54.
Bg6+ Nxg6 55.hxg6+ Kxg6 56.Qxe6 b5 57.d5 Qa8 58.e4 1-0

[Event "14th EUR-ch"]
[Site "Legnica POL"]
[Date "2013.05.11"]
[Round "7"]
[White "Arngrimsson, Dagur"]
[Black "Shomoev, Anton"]
[Result "0-1"]
[WhiteElo "2390"]
[BlackElo "2561"]
[EventDate "2013.05.05"]
[PlyCount "102"]

1.d4 g6 2.c4 Bg7 3.Nc3 c5 4.d5 d6 5.g3 Nf6 6.Bg2 O-O 7.Nf3 e6 8.O-O exd5 
9.cxd5 Re8 10.Bf4 Na6 11.Re1 Nc7 12.e4 Bg4 13.Qc2 Nh5 14.Be3 b5 15.h3 Bxf3
16.Bxf3 Nf6 17.a4 b4 18.Nb1 b3 19.Qd3 Nd7 20.Qe2 Rb8 21.Na3 Rb4 22.Nc4 Ne5
23.Nxe5 Bxe5 24.Bd2 Rb7 25.Rab1 Qd7 26.a5 Bd4 27.Bc3 Nb5 28.Qd3 Qxh3 29.
Bg2 Qc8 30.Bd2 c4 31.Qe2 c3 32.bxc3 Nxc3 33.Bxc3 Qxc3 34.Red1 Qc2 35.Bf3 
Qxe2 36.Bxe2 Rb4 37.Bd3 b2 38.Kf1 Bc3 39.f3 Kg7 40.a6 h5 41.Kg2 Re7 42.Kf1
Ra4 43.Ke2 f5 44.Rf1 fxe4 45.fxe4 Be5 46.Rfd1 Rc7 47.Rd2 Rb4 48.Rc2 Rxc2+ 
49.Bxc2 Bxg3 50.e5 Bxe5 51.Rg1 Rg4 0-1

[Event "14th EUR-ch"]
[Site "Legnica POL"]
[Date "2013.05.11"]
[Round "7"]
[White "Handke, Florian"]
[Black "Ernst, Thomas"]
[Result "1/2-1/2"]
[WhiteElo "2545"]
[BlackElo "2387"]
[EventDate "2013.05.05"]
[PlyCount "129"]

1.b3 e5 2.Bb2 Nc6 3.e3 Nf6 4.Bb5 d6 5.d4 exd4 6.exd4 Bd7 7.Nf3 Be7 8.O-O 
O-O 9.Re1 d5 10.a3 Re8 11.Nbd2 Bd6 12.Bd3 Rxe1+ 13.Qxe1 Ne7 14.c4 Bf5 15.
Be2 c6 16.Nf1 h6 17.Ne5 Bh7 18.c5 Bc7 19.b4 Nd7 20.Bh5 Nxe5 21.dxe5 Bg6 
22.Be2 Nf5 23.f4 h5 24.Qd1 Qh4 25.g3 Qh3 26.Bf3 Nh6 27.Bg2 Qe6 28.Nd2 h4 
29.Qe1 hxg3 30.hxg3 Rd8 31.Bd4 Bh5 32.Nf3 Bxf3 33.Bxf3 Nf5 34.Bf2 f6 35.g4
Ne7 36.exf6 Qxf6 37.Bh4 Qd4+ 38.Kg2 Ng6 39.Bxd8 Nxf4+ 40.Kh1 Bxd8 41.Ra2 
Kf7 42.Rh2 Bf6 43.Rh8 Be5 44.Qf1 Qc3 45.g5 Qxa3 46.Bh5+ Ke6 47.Re8+ Kf5 
48.Rf8+ Ke4 49.Bg4 Qg3 50.Bf5+ Kd4 51.Rh8 Kc3 52.Rh2 Kxb4 53.Rc2 Bc3 54.
Qb1+ Kxc5 55.Qxb7 Qh4+ 56.Kg1 Qxg5+ 57.Kf1 d4 58.Qxg7 Kd5 59.Qd7+ Ke5 60.
Re2+ Nxe2 61.Qe6+ Kf4 62.Qe4+ Kg3 63.Qg2+ Kf4 64.Qe4+ Kg3 65.Qg2+ 1/2-1/2

[Event "14th EUR-ch"]
[Site "Legnica POL"]
[Date "2013.05.11"]
[Round "7"]
[White "Pap, Gyula"]
[Black "Erturan, Yakup"]
[Result "1-0"]
[WhiteElo "2539"]
[BlackElo "2386"]
[EventDate "2013.05.05"]
[PlyCount "85"]

1.d4 e6 2.c4 d5 3.Nc3 Nf6 4.cxd5 exd5 5.Bg5 Be7 6.e3 Nbd7 7.Qc2 O-O 8.Bd3 
c6 9.Nge2 Re8 10.O-O Nf8 11.f3 c5 12.Rad1 cxd4 13.Nxd4 h6 14.Bh4 Bd7 15.
Kh1 Bc6 16.Nf5 Bb4 17.a3 Bxc3 18.Qxc3 N8d7 19.e4 Qb6 20.Bb1 Bb5 21.Rfe1 
Rac8 22.Ne7+ Rxe7 23.Qxc8+ Re8 24.Qc3 dxe4 25.Bxf6 Nxf6 26.Bxe4 Nxe4 27.
Rxe4 Rxe4 28.fxe4 Bc6 29.Qd4 Qb3 30.e5 Be4 31.Rd2 Qb5 32.h3 Qf1+ 33.Kh2 
Bg6 34.Qf2 Qb5 35.Qf4 Kh7 36.b4 a5 37.Rd6 axb4 38.axb4 Qe2 39.Rd2 Qe1 40.
Rd7 b5 41.Re7 Qe2 42.e6 Be4 43.Qg4 1-0

[Event "14th EUR-ch"]
[Site "Legnica POL"]
[Date "2013.05.11"]
[Round "7"]
[White "Kriebel, Tadeas"]
[Black "Matsenko, Sergei"]
[Result "1-0"]
[WhiteElo "2388"]
[BlackElo "2485"]
[EventDate "2013.05.05"]
[PlyCount "173"]

1.e4 c5 2.Nf3 Nc6 3.d4 cxd4 4.Nxd4 Qc7 5.Nc3 e6 6.Be3 a6 7.Qd2 Nf6 8.O-O-O
Be7 9.f3 h5 10.Qf2 b5 11.Nxc6 dxc6 12.Bb6 Qf4+ 13.Kb1 Nd7 14.g3 Qb8 15.Be3
c5 16.f4 b4 17.Na4 Qc7 18.Bg2 Bb7 19.e5 Bxg2 20.Qxg2 Rc8 21.Rd2 Qc6 22.
Qxc6 Rxc6 23.Rhd1 Rc7 24.h4 f6 25.exf6 gxf6 26.f5 e5 27.c4 Rg8 28.Bf2 Rg4 
29.b3 a5 30.Rd5 Bf8 31.Kc2 Be7 32.Kd3 Bf8 33.Ke2 Re4+ 34.Kf3 Rg4 35.Re1 
e4+ 36.Rxe4+ Ne5+ 37.Rdxe5+ fxe5 38.Nb6 Rxe4 39.Kxe4 Rc6 40.Nd5 Kf7 41.
Kxe5 a4 42.Nf4 Ra6 43.Ne6 axb3 44.axb3 Be7 45.Bxc5 Ra5 46.Kd4 Bxc5+ 47.
Nxc5 Kf6 48.Nd3 Kxf5 49.Nxb4 Ra3 50.Kc3 Kg4 51.c5 Kxg3 52.c6 Kxh4 53.c7 
Ra8 54.Na6 Rc8 55.b4 Kg3 56.b5 h4 57.b6 h3 58.b7 Rxc7+ 59.Nxc7 h2 60.b8=Q 
h1=Q 61.Nd5+ Kf2 62.Qb6+ Kg3 63.Qb8+ Kf2 64.Qa7+ Kg2 65.Qg7+ Kh2 66.Qe5+ 
Kg1 67.Ne3 Qf3 68.Kd2 Qf2+ 69.Kd3 Qf3 70.Kd4 Kh1 71.Qg5 Kh2 72.Qh4+ Kg1 
73.Qg5+ Kh2 74.Qh6+ Kg1 75.Qh4 Qf2 76.Qg4+ Kh1 77.Ke4 Kh2 78.Qh5+ Kg3 79.
Nf5+ Kg2 80.Qg4+ Kh2 81.Ne3 Qa2 82.Qh4+ Kg1 83.Qg3+ Kh1 84.Qh3+ Kg1 85.
Qf1+ Kh2 86.Ng4+ Kg3 87.Qf4+ 1-0

[Event "14th EUR-ch"]
[Site "Legnica POL"]
[Date "2013.05.11"]
[Round "7"]
[White "Zude, Erik"]
[Black "Cernousek, Lukas"]
[Result "1/2-1/2"]
[WhiteElo "2382"]
[BlackElo "2476"]
[EventDate "2013.05.05"]
[PlyCount "81"]

1.d4 Nf6 2.c4 c5 3.d5 e6 4.Nc3 exd5 5.cxd5 d6 6.Nf3 g6 7.Bf4 Bg7 8.Qa4+ 
Bd7 9.Qb3 Qc7 10.h3 O-O 11.e3 Na6 12.Be2 b5 13.Bxb5 Bxb5 14.Qxb5 Nb4 15.
O-O Nfxd5 16.Nxd5 Nxd5 17.Bh2 Rfd8 18.Rad1 Rab8 19.Qd3 Nb4 20.Qc4 Bxb2 21.
Rd2 Nc6 22.Rfd1 Ne5 23.Bxe5 dxe5 24.Rxd8+ Rxd8 25.Rxd8+ Qxd8 26.Qxc5 Qd1+ 
27.Kh2 Qe2 28.Qxa7 Qxf2 29.Qb8+ Kg7 30.Nxe5 Ba1 31.Nd7 h5 32.a4 Qxe3 33.
Qf8+ Kh7 34.Qxf7+ Kh6 35.Qf8+ Bg7 36.Qd6 Bd4 37.Qf8+ Kg5 38.Qd8+ Kh6 39.
Qf8+ Kg5 40.Qd8+ Kh6 41.Qf8+ 1/2-1/2

[Event "14th EUR-ch"]
[Site "Legnica POL"]
[Date "2013.05.11"]
[Round "7"]
[White "Fodor, Tamas jr"]
[Black "Ivic, Mateo"]
[Result "1-0"]
[WhiteElo "2475"]
[BlackElo "2278"]
[EventDate "2013.05.05"]
[PlyCount "59"]

1.d4 Nf6 2.c4 g6 3.Nc3 Bg7 4.e4 d6 5.Nf3 O-O 6.Be2 e5 7.Be3 Ng4 8.Bg5 f6 
9.Bh4 c6 10.c5 exd4 11.Qxd4 dxc5 12.Qxc5 Nd7 13.Qa3 Qe8 14.O-O Nb6 15.Rad1
h5 16.Bg3 Be6 17.h3 Ne5 18.Nd4 Bf7 19.b3 Kh8 20.Rfe1 Rg8 21.Bf1 Bf8 22.Qc1
Kh7 23.f4 Bh6 24.Qc2 Ned7 25.Kh1 Bf8 26.e5 Bd5 27.exf6 Qc8 28.f5 Kh8 29.
Nxd5 Nxd5 30.f7 1-0

[Event "14th EUR-ch"]
[Site "Legnica POL"]
[Date "2013.05.11"]
[Round "7"]
[White "Can, Emre"]
[Black "Duman, Aydin"]
[Result "1-0"]
[WhiteElo "2471"]
[BlackElo "2265"]
[EventDate "2013.05.05"]
[PlyCount "123"]

1.d4 Nf6 2.c4 c5 3.d5 b5 4.Nf3 g6 5.Nbd2 b4 6.e4 d6 7.a3 Nbd7 8.Bd3 Bg7 9.
O-O e5 10.dxe6 fxe6 11.Qa4 O-O 12.axb4 cxb4 13.Qxb4 Nc5 14.Be2 a5 15.Qa3 
Nfxe4 16.Nxe4 Nxe4 17.Nd2 Nc5 18.Nb3 Nxb3 19.Qxb3 Qc7 20.Bd2 Bb7 21.Bg4 
Bc8 22.Ra2 Bd4 23.Bf3 Ra6 24.Qd3 e5 25.Bd5+ Kg7 26.Be3 Bf5 27.Qd2 Bxe3 28.
fxe3 Ra7 29.Rfa1 Rb8 30.b4 Qb6 31.Rxa5 Rxa5 32.bxa5 Qa7 33.Qf2 Rb1+ 34.
Rxb1 Bxb1 35.Qd2 Bf5 36.h3 Bc8 37.Kh2 h5 38.Qf2 Ba6 39.h4 Qc7 40.Qb2 Qd8 
41.Qf2 Qe7 42.g3 Qa7 43.Kg1 Qc7 44.Qd2 Qc5 45.Qf2 Qc7 46.e4 Qc8 47.Qf7+ 
Kh6 48.Qg8 Qxg8 49.Bxg8 Kg7 50.Bd5 Kf6 51.Kf2 g5 52.Ke3 gxh4 53.gxh4 Ke7 
54.Kd3 Bc8 55.Kc3 Kd8 56.Kb4 Kc7 57.c5 Ba6 58.Bf7 Bd3 59.Bxh5 Bxe4 60.Bf7 
dxc5+ 61.Kxc5 Kd7 62.a6 1-0

[Event "14th EUR-ch"]
[Site "Legnica POL"]
[Date "2013.05.11"]
[Round "7"]
[White "Vedder, Henk"]
[Black "Fauland, Alexander"]
[Result "0-1"]
[WhiteElo "2368"]
[BlackElo "2449"]
[EventDate "2013.05.05"]
[PlyCount "130"]

1.e4 c5 2.Nf3 e6 3.c3 d5 4.e5 Nc6 5.d4 Qb6 6.a3 a5 7.Bd3 Bd7 8.Bc2 f6 9.
exf6 Nxf6 10.O-O Bd6 11.dxc5 Bxc5 12.c4 O-O 13.cxd5 exd5 14.Nc3 Nd4 15.
Nxd4 Bxd4 16.Qd3 Bxc3 17.Qxc3 Rac8 18.Qb3 Qc7 19.Bd1 a4 20.Qb4 Qe5 21.Bf4 
Qf5 22.Bd6 Rfe8 23.Bg3 Rc4 24.Qxb7 h5 25.b3 Rd4 26.Qb6 Qd3 27.Bc2 Qxc2 28.
Qxd4 Re4 29.Qb6 h4 30.Rac1 Qxb3 31.Qb8+ Kh7 32.Be5 Ng4 33.Rc3 Qa2 34.Bd6 
d4 35.Rcc1 d3 36.Bb4 h3 37.Qg3 Qd5 38.Rc5 Qd4 39.Rh5+ Nh6 40.Bc5 Qc4 41.
Bf8 Rg4 42.Qxh3 Bc6 43.Rc5 Qe4 44.Rxc6 Qxc6 45.Qxd3+ Kg8 46.f3 Qb6+ 47.Kh1
Rd4 48.Qc2 Kxf8 49.Rb1 Qd6 50.h3 g6 51.Qc8+ Kg7 52.Qc3 Qf6 53.Re1 Nf5 54.
Kg1 Kh7 55.Qc7+ Ng7 56.Kh2 Rd3 57.Re4 Rxa3 58.Rf4 Rc3 59.Qb8 Rc8 60.Qb4 
Qe5 61.Kg1 Nf5 62.Rxf5 gxf5 63.Qh4+ Kg6 64.f4 Qf6 65.Qg3+ Kh6 0-1